RU-Reyes de Escocia - Estadísticas

Estadísticas generales
  • Esta prueba ha sido intentada 31 veces
  • La puntuación promedio es 19 de 50
Estadísticas de respuestas
Período Nombre del Rey/Reina % Correcto
1406-1437 Jacobo I
86%
1437-1460 Jacobo II
86%
1460-1488 Jacobo III
86%
1488-1513 Jacobo IV
86%
1513-1542 Jacobo V
86%
1567-1625 Jacobo VI
86%
1685-1689 Jacobo VII
86%
1543-1587 María I
82%
1689-1694 María II
82%
1625-1649 Carlos I
79%
1649-1651 Carlos II
79%
1660-1685 Carlos II
79%
1165-1214 Guillermo I
64%
1689-1702 Guillermo II
64%
1702-1714 Ana
57%
1292-1296 Juan
54%
1306-1329 Roberto I
50%
1371-1390 Roberto II
50%
1390-1406 Roberto III
50%
862-877 Constantino I
36%
900-943 Constantino II
36%
995-997 Constantino III
36%
1124-1153 David I
36%
1329-1371 David II
36%
1107-1124 Alejandro I
25%
1214-1249 Alejandro II
25%
1249-1286 Alejandro III
25%
1040-1057 Macbeth
25%
1034-1040 Duncan I
21%
1094 Duncan II
21%
848-858 Kenneth I
21%
977-995 Kenneth II
21%
997-1005 Kenneth III
21%
943-954 Malcolm I
18%
1005-1034 Malcolm II
18%
1058-1093 Malcolm III
18%
1153-1165 Malcolm IV
18%
858-862 Donal I
14%
1286-1290 Margarita
11%
973-977 Amlaíb
4%
889-900 Donald II
4%
1093-1097 Donald III
4%
877-878 Aedh
0%
967-971 Culen
0%
962-967 Dubh
0%
1097-1107 Edgardo
0%
878-889 Eoachad
0%
878-889 Giric
0%
954-962 Indulf
0%
1057-1058 Lulach
0%
No se encontraron pruebas coincidentes
Distribución de puntuación
Porcentaje de gente con cada puntuación
Porcentaje por número respondido
Historial de tus puntuaciones
No has intentado esta prueba.